Imperial Israel and the Palestinians (Record no. 127502)
[ view plain ]
| 000 -LEADER | |
|---|---|
| fixed length control field | 01365nam a22003494a 4500 |
| 082 04 - DEWEY DECIMAL CLASSIFICATION NUMBER | |
| Classification number | 956.04 |
| 100 1# - MAIN ENTRY--AUTHOR NAME | |
| Personal name | Masalha, Nur, |
| 245 10 - TITLE STATEMENT | |
| Title | Imperial Israel and the Palestinians |
| 260 ## - PUBLICATION, DISTRIBUTION, ETC. (IMPRINT) | |
| Place of publication | Sterling, VA : |
| Name of publisher | Pluto Press, |
| Year of publication | 2000. |
| 300 ## - PHYSICAL DESCRIPTION | |
| Number of Pages | vii, 279 p. |
| 650 #0 - SUBJECT ADDED ENTRY--TOPICAL TERM | |
| Topical Term | Arab-Israeli conflict |
| Topical Term | Arab-Israeli conflict |
| Topical Term | Zionism |
| Topical Term | Israel-Arab War, 1967 |
| 856 40 - ELECTRONIC LOCATION AND ACCESS | |
| Uniform Resource Identifier | http://site.ebrary.com/lib/rucke/Doc?id=2001162 |
No items available.
